01838nam a2200301uu 4500001000800000005001700008007001000025008004100035035001200076040001300088041000800101080001100109082000800120100003800128245026800166260005800434300001300492520074500505650004301250650002701293650002701320650006101347650004201408650002301450700004301473502001201516526000801528117126320260507134742.0co|||||||090928e20090928 spa  a1171263 ccomduadb aspa aQPR/CD 4a36310aPérez Pérez, Yadira4auteaut10aPractica académica en Trabajo Social : Fortalecimiento del plan integral de residuos solidos (PGIRS) para la educación e implementación del manejo de los residuos solidos y separación en la fuente con la comunidad del municipio de Puerto Berrio, Antioquia aPuerto Berrio (Antioquia) :b[sin publicador],c2009. a1 CD-ROM3 aEl Plan de Gestión Integral de Residuos Sólidos - PGIRS, es un elemento de planificación del servicio público de aseo compuesto por un conjunto de proyectos y actividades a corto, mediano y largo plazo. Esta encamina su accionar a la identificación y administración eficiente de los residuos generados en sus diferentes etapas dentro de la organización. Con la identificación de los aspectos críticos en el manejo de los residuos se determina un plan tendiente a administrar de forma eficiente su manejo en las diferentes etapas, dando cumplimiento a los requerimientos ambientales y legales, logrando una disminución en costos de manejo y disposición, y optimizando el aprovechamiento de los materiales recuperables.  aInformes de practica de trabajo social aInformes de práctica aPráctica académica aPlan de Gestión Integral de Residuos Sólidos (PGIRS) aTrabajo social en educacion ambiental aManejo de residuos10aIsaza Cruz, Claudia Patricia4thseths b107c12 a108